Capitales Moyen-Orient - Quiz - Statistiques

Statistiques générales
  • Ce quiz a été pris 257 fois
  • Le résultat moyen est 18 sur 26
Statistiques - réponses
Pays Capitale % Correct
Ègypte Le Caire
95%
Turquie Ankara
92%
Israel/Palestine Jérusalem
90%
Arabie saoudite Riyad
90%
Afghanistan Kaboul
87%
Iran Téhéran
87%
Irak Bagdad
86%
Liban Beyrouth
86%
Qatar Doha
85%
Koweït Koweït
82%
Syrie Damas
78%
Chypre Nicosie
75%
Jordanie Amman
72%
Yémen Sanaa
72%
Émirats arabes unis Abou Dhabi
68%
Pakistan Islamabad
68%
Armenie Erevan
62%
Azerbaïdjan Bakou
59%
Georgie Tbilissi
57%
Oman Mascate
56%
Bahreïn Manama
54%
Kazakhstan Noursoultan
47%
Ouzbékistan Tachkent
42%
Kirghizistan Bichkek
38%
Tadjikistan Douchanbé
35%
Turkménistan Achgabat
33%
Aucun quiz correspondant
Distribution des résultats
% des personnes avec chaque résultat
Percentile par nombre de réponses
Votre historique - résultats
Vous n’avez pas pris ce quiz